Introduction to discrete mathematics for computer science, information technology, and information systems / Winston S. Sirug, Ph.D. (Record no. 21293)

000 -LEADER
fixed length control field 00480nam a22001337a 4500
020 ## - INTERNATIONAL STANDARD BOOK NUMBER
ISBN 9789719655510
082 ## - DEWEY DECIMAL CLASSIFICATION NUMBER
Classification number 511.1
Item number Si621 2023
100 ## - MAIN ENTRY--AUTHOR NAME
Personal name Sirug, Winston S., author.
245 ## - TITLE STATEMENT
Title Introduction to discrete mathematics for computer science, information technology, and information systems / Winston S. Sirug, Ph.D.
260 ## - PUBLICATION, DISTRIBUTION, ETC. (IMPRINT)
Place of publication Manila :
Name of publisher Mindshapers Co., Inc.,
Year of publication ©2023.
300 ## - PHYSICAL DESCRIPTION
Number of Pages x, 370 pages :
Other physical details illustrations ; 26 cm
650 ## - SUBJECT ADDED ENTRY--TOPICAL TERM
Topical Term Discrete mathematics.
942 ## - ADDED ENTRY ELEMENTS (KOHA)
Koha item type Books
Holdings
Source of acquisition Permanent Location Date acquired Koha item type Collection code Accession Number Lost status Shelving location Withdrawn status Current Location Full call number
SchoolCagayan State University - Carig Library2025-08-26BooksPure Sciences011039 General Collection Cagayan State University - Carig Library511.1 Si621 2023
SchoolCagayan State University - Carig Library2025-08-26BooksPure Sciences011040 General Collection Cagayan State University - Carig Library511.1 Si621 2023
SchoolCagayan State University - Carig Library2025-08-26BooksPure Sciences011041 General Collection Cagayan State University - Carig Library511.1 Si621 2023

Cagayan State University University Library, Carig Campus
Tuguegarao City, Cagayan 3500 | www.csucarig.edu.ph

Powered by Koha